000 00777nam a2200241 i 4500
001 132070
003 ES-MaACL
005 20251116063105.0
007 t|
008 070214s1975 sp a |||| |dspa d
080 _a821.134.2-31"19"
080 _a929 Hitler, Adolf (0:82)
100 1 _aRojas, Carlos,
_d1928-
_9161767
245 1 0 _aMein Führer, mein Führer!
_b: (el libro prohibido) : novela /
_cCarlos Rojas.
250 _a2ª ed.
260 _aBarcelona :
_bPlaneta,
_c1975.
300 _a325 p. :
_bil. ;
_c19 cm.
490 1 _aAutores españoles e hispanoamericanos
600 1 7 _aHitler, Adolf,
_d1889-1945-
_vNovelas
_2
_9161798
830 0 _aAutores españoles e hispanoamericanos
_9177795
852 _aES-MaACL
_jE-9776
999 _c132070
_d132070